000
00391nam a2200145Ia 4500
008
100204s9999 xx 000 0 und d
082
_b
3110
100
_a
पारगावकर वि. शं.
245
_a
सय
260
_b
"रविराज प्रिंटर्स , पुणे"
_c
1980
300
_a
112
630
_a
सय
730
_a
सय
942
_c
BOOK
999
_c
465467
_d
465464